LEADER 01714cam0-22005051i-450- 001 990006454490403321 005 20070621102636.0 035 $a000645449 035 $aFED01000645449 035 $a(Aleph)000645449FED01 035 $a000645449 100 $a20010426g18881892km-y0itay50------ba 101 0 $aita 200 1 $aDiscorsi parlamentari di Agostino Depretis$eraccolti e pubblicati per deliberazione della Camera dei Deputati 210 $aRoma$cTip. della Camera dei Deputati$d1888-1892 215 $a8 v.$d21 cm 676 $a945 676 $a945.080924 702 1$aDepretis,$bAgostino$f<1813-1887> 712 02$aItalia.$bCamera dei deputati 801 0$aIT$bUNINA$gRICA$2UNIMARC 901 $aBK 912 $a990006454490403321 952 $aXIV B 403$b8837$fFSPBC 952 $aSE 012.03.02-1$b6372A$fDECSE 952 $aSE 012.03.02-7$b100630F$fDECSE 952 $aSE 012.03.02-6$b100630E$fDECSE 952 $aSE 012.03.02-5$b100630D$fDECSE 952 $aSE 012.03.02-2$b100630A$fDECSE 952 $aSE 012.03.02-4$b100630C$fDECSE 952 $aSE 012.03.02-8$b100630G$fDECSE 952 $a945.08 DEP 2(1)$bbibl.12775$fFLFBC 952 $a945.08 DEP 2(2)$bbibl.12775$fFLFBC 952 $a945.08 DEP 2(3)$bbibl.12775$fFLFBC 952 $a945.08 DEP 2(4)$bbibl.12775$fFLFBC 952 $a945.08 DEP 2(5)$bbibl.12775$fFLFBC 952 $a945.08 DEP 2(6)$bbibl.12775$fFLFBC 952 $a945.08 DEP 2(7)$bbibl.12775$fFLFBC 952 $a945.08 DEP 2(8)$bbibl.12775$fFLFBC 952 $a945.08 DEP 2(1)$bbibl.12775$fFLFBC 959 $aFSPBC 959 $aDECSE 959 $aFLFBC 996 $aDiscorsi parlamentari di Agostino Depretis$9650964 997 $aUNINA LEADER 01425nam 2200373 n 450 001 996392341203316 005 20221108022322.0 035 $a(CKB)1000000000672374 035 $a(EEBO)2248549002 035 $a(UnM)99836923 035 $a(EXLCZ)991000000000672374 100 $a19900924d1533 uy | 101 0 $alat 135 $aurbn||||a|bb| 200 10$aAbsolutissimus de octo orationis partium constructione libellus$b[electronic resource] $eemendatus per Erasmum Roterodamu[m]. Item Gerardi Listrij de conctructionis [sic] octo figuris: cui adheret (ne quis de[s]ideret) Sulpi[ciu]s 210 $aLondini $cExcudebat VVynandus de VVorde$dAnno. M.D.XXXIII [1533] 215 $a[31] leaves 300 $aSignatures: A-D[-D8]. 300 $aPrint faded on title page, with some loss of print; considerable print show-through. 300 $aReproduction of original in the British Library. 330 $aeebo-0018 606 $aLatin language$xGrammar$vEarly works to 1500 615 0$aLatin language$xGrammar 700 $aLily$b William$f1468?-1522.$0841046 701 $aErasmus$b Desiderius$fd. 1536.$0799747 701 $aListrius$b Gerard$01005557 801 0$bCu-RivES 801 1$bCu-RivES 801 2$bCStRLIN 801 2$bWaOLN 906 $aBOOK 912 $a996392341203316 996 $aAbsolutissimus de octo orationis partium constructione libellus$92312158 997 $aUNISA